00477nam a2200169Ia 4500003000400000008004100004040001600045082001300061100001900074245007700093700002300170260004200193300001000235490002500245650001500270650002200285GCL140319s9999 xx 000 0 eng d aGCL / cGCL04a843bM Q1 aMERYER, MICHEL10aQUESTIONS DE RHETARIQUE: LANGAGE, RAISON ET SEDUCTION / cMERYER, MICHEL1 aMEYER, CHRISTOPHER a[S.N] : bLE LIVRE DE POCHE ، c1993 a179 P aLE LIVRE DE POCHEv004aLITERATURE04aFRENCH LITERATURE